Incremento de homicidios y fracaso de las políticas de seguridad

Uloženo v:
Podrobná bibliografie
Médium: Text
Témata:
Tagy: Přidat tag
Žádné tagy, Buďte první, kdo vytvoří štítek k tomuto záznamu!

MARC

LEADER 00000 a a2200000 04500
001 6769
003
040
245 |a Incremento de homicidios y fracaso de las políticas de seguridad  
650 |a SEGURIDAD CIUDADANA  
650 |a EL SALVADOR  
773 |g volumen 27, número 1204; páginas 12-14  
999 |c 39868  |d 39868